000 00559nai a2200169Ia 4500
003 IN-BaIIA
008 211028c9999 xx s 000 0 eng d
022 _a0265-931X (Online)
040 _cIIA Library
245 0 _aJournal of Environmental Radioactivity
_h[eJournal]
260 _aNew York
_bElsevier
310 _aMonthly
362 _a26(1); 1995 - Present
521 _bSubscribed through National Knowledge Resource Consortium (NKRC)
856 _uhttps://www.sciencedirect.com/science/journal/0265931X
_yClick Here to Access eJournal
942 _cEJ
999 _c35045
_d35045